| 000 | 00838nam a22002537a 4500 | ||
|---|---|---|---|
| 003 | UA-OsUOA | ||
| 001 | 23379 | ||
| 007 | ta | ||
| 008 | 20040120b un ||||| |||| 00| 0 ukr d | ||
| 100 | _aДанилюк І.В. | ||
| 090 |
_a159.9(091)(477) _bД18 |
||
| 942 | _cBK | ||
| 040 |
_aUA-OsUOA _bukr _cUA-OsUOA _dUA-OsUOA |
||
| 245 |
_aІсторія психології в Україні.Західні регіони (остання чверть XIX - перша половина XX століття) _bНавчальний посібник для студентів вищих навчальних закладів |
||
| 300 | _a152 с. | ||
| 955 | _a0 | ||
| 041 | _aukr | ||
| 080 | _a159.9(091)(477) | ||
| 020 | _a966-06-0227-8 | ||
| 260 |
_aКиїв _bЛибідь _c2003 |
||
| 044 | _aUA | ||
| 650 | 7 | _2UDC | |
| 999 |
_c309626 _d309626 |
||